• 首页
  • 本馆介绍
  • 公告通知
  • 最新文献
  • 馆藏检索
  • 电子资源
  • 读者导购
  • 参考咨询
  • 我的图书馆
  • 登录
  • 详细信息显示
  • 放入我的书架
  • 预约/预借图书
  • 作者相关作品
  • 分类相关作品
  • 丛书相关作品
  • 出版社相关作品

书目信息

  • 表格格式
  • 工作单格式
  • 卡片格式
题名:
蔷薇花图鉴
    
 
作者: ;梁玥 译 ;日本主妇之友社 编著
分册:  
出版信息: 南京   江苏科学技术出版社  2019.04
页数: 183页
开本: 26cm
丛书名:
单 册:
中图分类: S685.12
科图分类:
主题词: 蔷薇属--qiang wei shu--观赏园艺
电子资源:
ISBN: 978-7-5537-9922-3
000 00977nam0 2200241 450
001 0109110235
005 20201109110340.0
010    @a978-7-5537-9922-3@dCNY69.80
100    @a20190508d2019 em y0chiy50 ea
101 1  @achi@cjpn
102    @aCN@b320000
105    @aa z 000yy
106    @ar
200 1  @a蔷薇花图鉴@Aqiang wei hua tu jian@f日本主妇之友社编著@g梁玥译
210    @a南京@c江苏科学技术出版社@d2019.04
215    @a183页@c图@d26cm
330    @a众所周知,蔷薇花在种植、鲜花、干花、插画艺术、绘画等方面具有极高的人气,所以与蔷薇花有关的图书也很多,而本书原种介绍、育种历史、品种介绍、培育方法、幼苗购买等主题全面介绍了800多种蔷薇花,让你更了解蔷薇的魅力,增长蔷薇花种植知识。同时这也是一本非常不错的栽培蔷薇花入门书。
606 0  @a蔷薇属@Aqiang wei shu@x观赏园艺
690    @aS685.12@v5
702  0 @a梁玥@Aliang yue@4译
711 02 @a日本主妇之友社@Ari ben zhu fu zhi you she@4编著
801  0 @aCN@bBJSZM@c20201103
905    @b1241551-4@dS685.12@e638@f4
    
    蔷薇花图鉴/日本主妇之友社编著/梁玥译.-南京:江苏科学技术出版社,2019.04
    183页:图;26cm
    
    
    ISBN 978-7-5537-9922-3:CNY69.80
    众所周知,蔷薇花在种植、鲜花、干花、插画艺术、绘画等方面具有极高的人气,所以与蔷薇花有关的图书也很多,而本书原种介绍、育种历史、品种介绍、培育方法、幼苗购买等主题全面介绍了800多种蔷薇花,让你更了解蔷薇的魅力,增长蔷薇花种植知识。同时这也是一本非常不错的栽培蔷薇花入门书。
●
相关链接 在E读中查询图书 在五车中查询图书 在当当中查询图书 在豆瓣中查询图书


正题名:蔷薇花图鉴     索取号:S685.12/638         预约/预借

序号 登录号 条形码 馆藏地/架位号 状态 备注
1 1241551   212415518   第二样本阅览室/ [索取号:S685.12/638] 在馆    
2 1241552   212415527   第三借阅区/ [索取号:S685.12/638] 在馆    
3 1241553   212415536   第三借阅区/ [索取号:S685.12/638] 在馆    
4 1241554   212415545   第三借阅区/ [索取号:S685.12/638] 在馆    
唐山师范学院图书馆 欢迎您!
大连网信软件有限公司© 版权所有